| 000 | 00852nam a22002897a 4500 | ||
|---|---|---|---|
| 003 | PILC | ||
| 005 | 20151110154229.0 | ||
| 008 | 151110b xxu||||| |||| 00| 0 eng d | ||
| 020 | _a9780375707971 | ||
| 020 | _a0375707972 | ||
| 035 | _a(DLC) 97001511 | ||
| 050 | _aPT 2680. L54 V6713 1997 | ||
| 100 | _aSchlink, Bernhard. | ||
| 240 | _aVorleser. English | ||
| 245 |
_a The reader _cBernhard Schlink ; translated from the German by Carol Brown Janeway. |
||
| 250 | _a1st American ed. | ||
| 260 |
_aNew York _bPantheon Books, _cc1997 |
||
| 300 |
_a 218 p. ; _c20 cm |
||
| 650 |
_aWorld War, 1939-1945 _xAtrocities |
||
| 650 | _xFiction | ||
| 650 |
_aWar crime trials _xFiction |
||
| 651 |
_aGermany _xFiction |
||
| 655 | _aLove stories. | ||
| 655 | _aPsychological fiction. | ||
| 700 | _aJaneway, Carol Brown. | ||
| 942 |
_cBK _2lcc |
||
| 999 |
_c288958 _d288958 |
||